Johan Cruyff Shield (Dutch Supercup) Winners - Statistics

General Stats
  • This quiz has been taken 5 times
    2 since last reset
  • The average score is 33 of 35
Answer Stats
Year Winner % Correct
2019 Ajax
100%
2013 Ajax
100%
2007 Ajax
100%
2006 Ajax
100%
2005 Ajax
100%
2002 Ajax
100%
1995 Ajax
100%
1994 Ajax
100%
1993 Ajax
100%
2009 AZ
100%
2011 FC Twente
100%
2010 FC Twente
100%
2024 Feyenoord
100%
2018 Feyenoord
100%
2017 Feyenoord
100%
1999 Feyenoord
100%
1991 Feyenoord
100%
2025 PSV
100%
2023 PSV
100%
2022 PSV
100%
2021 PSV
100%
2016 PSV
100%
2015 PSV
100%
2012 PSV
100%
2008 PSV
100%
2003 PSV
100%
2001 PSV
100%
2000 PSV
100%
1998 PSV
100%
1997 PSV
100%
1996 PSV
100%
1992 PSV
100%
2004 FC Utrecht
50%
2014 PEC Zwolle
0%
1949 SVV
0%
No matching quizzes found
Score Distribution
Percent of People with Each Score
Percentile by Number Answered
Your Score History
You have not taken this quiz since the last reset